Southville International School and Colleges
Your cart is empty.
  • Cart
  • Lists
    Public lists Eva Luna New books Lux_list list_1
    Your lists Log in to create your own lists
  • Log in to your account
  • Your cookies
  • Search history
Southville International School and Colleges
  • Advanced search
  • Recent comments
  • Most popular
  • Libraries

Log in to your account

Log in with GOOGLE


If you do not have an external account, but do have a local account, you can still log in:

  1. Home
  2. MARC view: Purchasing and supply management /
Normal view MARC view ISBD view

Purchasing and supply management / (Record no. 24401)

[ view plain ]
MARC details
000 -LEADER
fixed length control field 00595nam a2200217 a 4500
003 - CONTROL NUMBER IDENTIFIER
control field SISC
005 - DATE AND TIME OF LATEST TRANSACTION
control field 20170125153337.0
008 - FIXED-LENGTH DATA ELEMENTS--GENERAL INFORMATION
fixed length control field 111003s19uu xx 00 eng d
020 ## - INTERNATIONAL STANDARD BOOK NUMBER
International Standard Book Number 9780071289375
050 ## - LIBRARY OF CONGRESS CALL NUMBER
Classification number HD 39.5
Item number .J636 2011
100 ## - MAIN ENTRY--PERSONAL NAME
Personal name Johnson, P. Fraser.
245 ## - TITLE STATEMENT
Title Purchasing and supply management /
Statement of responsibility, etc P. Fraser Johnson.
250 ## - EDITION STATEMENT
Edition statement 14th edition.
260 ## - PUBLICATION, DISTRIBUTION, ETC. (IMPRINT)
Place of publication, distribution, etc Boston :
Name of publisher, distributor, etc McGraw Hill,
Date of publication, distribution, etc 2011.
300 ## - PHYSICAL DESCRIPTION
Extent 526 pages ;
Dimensions 26 cm.
650 ## - SUBJECT ADDED ENTRY--TOPICAL TERM
Topical term or geographic name as entry element Industrial procurement
700 ## - ADDED ENTRY--PERSONAL NAME
Personal name Leenders, Michiel.
700 ## - ADDED ENTRY--PERSONAL NAME
Personal name Flynn, Anna.
942 ## - ADDED ENTRY ELEMENTS (KOHA)
Koha item type Books
Source of classification or shelving scheme Library of Congress Classification
Call number prefix Foreign
Holdings
Withdrawn status Lost status Source of classification or shelving scheme Damaged status Home library Current library Shelving location Date acquired Source of acquisition Cost, normal purchase price Total Checkouts Full call number Barcode Date last seen Copy number Price effective from Koha item type
    Library of Congress Classification   College Library College Library General Circulation Section 10/03/2011 Donation 2167.00   HD 39.5 .J636 2011 C12389 05/15/2018 1 10/18/2013 Books

Purchasing and supply management /

APA

Johnson P. F., Leenders M. & Flynn A. (2011). Purchasing and supply management. Boston: McGraw Hill.

Chicago

Johnson P Fraser, Leenders Michiel and Flynn Anna. 2011. Purchasing and supply management. Boston: McGraw Hill.

Harvard

Johnson P. F., Leenders M. and Flynn A. (2011). Purchasing and supply management. Boston: McGraw Hill.

MLA

Johnson P Fraser, Leenders Michiel and Flynn Anna. Purchasing and supply management. Boston: McGraw Hill. 2011.

  • Place hold
  • Print
  • Cite
  • Add to your cart (remove)
  • Save record
    BIBTEX Dublin Core MARCXML MARC (non-Unicode/MARC-8) MARC (Unicode/UTF-8) MARC (Unicode/UTF-8, Standard) MODS (XML) RIS
  • More searches
    Search for this title in:
    Other Libraries (WorldCat) Other Databases (Google Scholar) Online Stores (Bookfinder.com) Open Library (openlibrary.org)

Exporting to Dublin Core...

SOUTHVILLE LIBRARY

Southville International School and Colleges Library

1281 Tropical Ave. Cor. Luxembourg St., BF Homes International, Las Pinas City

Tel. No. 8256374 / 252358 Loc. 117/146

Powered by Koha